Buteurs belges en Coupe du Monde - Statistiques

Statistiques générales
  • Ce quiz a été pris 137 fois
  • Le résultat moyen est 12 sur 37
Statistiques - réponses
Nombre de buts Club Nom du joueur % Correct
2 Chelsea Eden Hazard
98%
5 Everton, Manchester United Romelu Lukaku
95%
2 Chelsea, Manchester City Kevin De Bruyne
87%
2 Standard Liège Wilfried Van Moer
80%
2 SSC Naples Dries Mertens
79%
2 Manchester United Marouane Fellaini
73%
1 Paris Saint-Germain Thomas Meunier
69%
2 Tottenham Hotspur Jan Vertonghen
68%
5 Schalke 04 Marc Wilmots
59%
1 West Bromwich Albion Nacer Chadli
58%
1 Real Sociedad Adnan Januzaj
53%
2 Valence CF, Fenerbahçe SK Michy Batshuayi
53%
1 Lille OSC Divock Origi
48%
3 Anderlecht, AJ Auxerre Enzo Scifo
42%
4 Club Bruges Jan Ceulemans
30%
2 Anderlecht Philippe Albert
23%
1 PSV Eindhoven Luc Nilis
19%
1 KRC Genk Waesly Sonck
17%
1 Parme AC Georges Grün
14%
2 Anderlecht Marc Degryse
14%
1 Standard Liège Johan Walem
13%
1 Anderlecht Francky Vercauteren
12%
1 Anderlecht Stéphane Demol
10%
1 KV Courtrai Michel De Wolf
9%
2 Lierse SK, Anderlecht Erwin Vandenbergh
8%
1 KV Mechelen Lei Clijsters
8%
3 Standard Liège Nico Claesen
8%
1 Royal Anvers Alexandre Czerniatynski
6%
2 Lierse SK Bernard Voorhoof
6%
1 Anderlecht Patrick Vervoort
5%
1 Club Bruges Peter Van der Heyden
5%
2 Club Bruges Raoul Lambert
5%
1 KSV Waregem Daniel Veyt
3%
1 K. Beerschot VAC Henri Coppens
3%
1 Anderlecht Ludo Coeck
3%
1 K. Beerschot VAC Hendrik Isemborghs
1%
3 RFC Liège Léopold Anoul
1%
Aucun quiz correspondant
Distribution des résultats
% des personnes avec chaque résultat
Percentile par nombre de réponses
Votre historique - résultats
Vous n’avez pas pris ce quiz